000 00493nam a22001817a 4500
003 OSt
005 20140310182330.0
008 130313t xxu||||| |||| 00| 0 eng d
020 _a0689313411
050 _aQH 81
_b.M346 1990
082 _aQH81
_b.M2655 1990
245 _aExploring spring
_ba season of science activities, puzzles, and games
_c Sandra Markle
260 _aNew York
_bAtheneum
_c1990
300 _a 122 p.
_c 23 cm.
562 _e1
942 _2lcc
_cBK-GS
999 _c11957
_d11957